Univerzitné centrum - Areál STU Bratislava

Uložené v:
Podrobná bibliografia
Hlavný autor: Spodniaková, Zuzana (Autor)
Ďalší autori: Paňák, Pavel (Vedúci práce)
Médium: Rukopis Kniha
Jazyk:Slovak
Vydavateľské údaje: 2017
Predmet:
On-line prístup:http://is.stuba.sk/zp/portal_zp.pl?podrobnosti=125142
https://opac.crzp.sk/?fn=detailBiblioForm&sid=CBCDB6E5622FB9C0D4594628BE80
Tagy: Pridať tag
Žiadne tagy, Buďte prvý, kto otaguje tento záznam!

MARC

LEADER 00000ntm a22000003a 4500
001 stuzp62715
003 SK-STU
005 20230818104317.9
007 ta
008 150427s2015----xo-----f-mn---000-0-slo-d
040 |a STU  |b slo 
041 0 |a slo 
100 1 |a Spodniaková, Zuzana  |u 010310  |4 aut  |U SvF Stavebná fakulta  |T SvF Katedra architektúry  |X 9849  |U V181|V310  |Y 19  |7 9849 
242 0 1 |a University centre – Areal of STU in Bratislava  |y eng 
245 1 0 |a Univerzitné centrum - Areál STU Bratislava 
260 |c 2017 
650 4 |a Univerzitné centrum  |2 slo 
650 4 |a areál STU  |2 slo 
650 4 |a laboratóriá  |2 slo 
650 4 |a internát  |2 slo 
650 4 |a laboratories  |2 eng 
650 4 |a student housing  |2 eng 
650 4 |a STU areal  |2 eng 
650 4 |a University centre  |2 eng 
700 1 |a Paňák, Pavel  |u 050900  |k Z1  |4 ths  |U FAD Fakulta architektúry  |T FA Dekanát  |X 70322  |U A0900  |Y 158  |7 A000070322 
856 4 |u http://is.stuba.sk/zp/portal_zp.pl?podrobnosti=125142 
856 4 |u https://opac.crzp.sk/?fn=detailBiblioForm&sid=CBCDB6E5622FB9C0D4594628BE80